| 000 | 00460cam a2200181ua 4500 | ||
|---|---|---|---|
| 020 |
_a81 7033 225 2 _c240.00 |
||
| 041 |
_aeng _h |
||
| 082 |
_a630.2515 _bGOP/AG |
||
| 100 | _aGopalaswamy, N . | ||
| 245 |
_aAgricultural meteorology / _cN Gopalaswamy. _hTextual Documents |
||
| 250 |
_a1 / _b. |
||
| 260 |
_aNew Delhi : _bRawat Publications , _c1994. |
||
| 300 | _a153 ; . | ||
| 365 | _a240.00 | ||
| 504 | _a | ||
| 942 | _cBK | ||
| 999 |
_c2019 _d2019 |
||